|
|
|
|
| LEADER |
01405nam a2200265 u 4500 |
| 001 |
10041177 |
| 003 |
GR-PaULI |
| 005 |
20241213112219.0 |
| 008 |
010926m2000 gr gre |
| 952 |
|
|
|0 0
|1 0
|2 ddc
|3 τ.1
|4 0
|6 Π_ΜΣΧ_358_400000000000000_949_5_ΚΑΙ
|7 0
|9 28520
|a LISP
|b LISP
|c REF
|d 2016-04-24
|i 061639
|l 0
|o Π/ΜΣΧ 358.400 949 5 ΚΑΙ
|p 025000084029
|r 2016-04-24 00:00:00
|t 1
|v 2016.00
|w 2016-04-24
|y BKN
|
| 999 |
|
|
|c 18175
|d 18175
|
| 020 |
|
|
|a 9608613523
|q (τ.1)
|
| 040 |
|
|
|a GR-PaULI
|c GR-PaULI
|b gre
|e AACR2
|
| 082 |
0 |
4 |
|a 358.400 949 5
|2 23
|
| 100 |
1 |
|
|a Καισάρου-Πανταζοπούλου, Τριανταφυλλιά
|9 30146
|e συγγραφέας.
|
| 245 |
1 |
0 |
|a Ελληνική αεροπορία :
|b συνοπτική ιστορία /
|c συγγραφή-επιμέλεια ύλης Τριανταφυλλιά Καισάρου-Πανταζοπούλου.
|
| 260 |
|
|
|a Αθήνα :
|b Γενικό Επιτελείο Αεροπορίας, Υπηρεσία Ιστορίας Πολεμικής Αεροπορίας,
|c 2000.
|
| 300 |
|
|
|a 1 τ. :
|b εικ. ;
|c 35 εκ.
|
| 500 |
|
|
|a τ. 1. - 159 σ. - 2000 --
|
| 504 |
|
|
|a Περιλαμβάνει βιβλιογραφία
|
| 505 |
0 |
|
|a τ.1. 1908-1944 --
|
| 651 |
|
4 |
|9 181388
|a Ελλάδα
|x Αεροπορία
|x Ιστορία.
|
| 710 |
1 |
|
|a Ελλάδα
|b Αεροπορία
|9 181387
|
| 942 |
|
|
|2 ddc
|c BKN
|
| 998 |
|
|
|c ΔΡΑΚΟΠΟΥΛΟΥ
|d 2001-09
|